| 000 | 01396nam a2200373 a 4500 | ||
|---|---|---|---|
| 001 | 000115071 | ||
| 003 | CHAP | ||
| 005 | 20220329144513.0 | ||
| 008 | 180925s2018 mx a sm |||||||spa d | ||
| 010 | _a111532 | ||
| 011 | _a112504 | ||
| 040 | _cCHAP | ||
| 090 | _aTesis | ||
| 100 | 1 |
_aVargas Rodríguez, Josué Emmanuel. _9135885 |
|
| 245 | 1 | 0 |
_aIndicadores productivos y reproductivos de una granja porcícola productora de lechones / _h[En línea] _cpor Josué Emmanuel Vargas Rodríguez. |
| 260 |
_aChapingo, Méx. : _bEl autor, _c2018. |
||
| 500 | _aPara ver el contenido del material haga clic en la liga | ||
| 502 | _aTesis (Ing. Agr. Esp. en Zootecnia) -- UACH. Departamento de Zootecnia | ||
| 590 |
_aBATCH-UPD _b10 _c20190603 _lUCH01 _h1300 |
||
| 590 |
_aE11695DGD _b10 _c20190603 _lUCH01 _h1259 |
||
| 590 |
_aE8697GMM _b05 _c20180925 _lUCH01 _h1210 |
||
| 590 |
_aE8697GMM _b05 _c20180925 _lUCH01 _h1211 |
||
| 590 |
_aE8697GMM _b05 _c20180925 _lUCH01 _h1412 |
||
| 590 |
_aE8697GMM _b05 _c20181130 _lUCH01 _h1050 |
||
| 590 |
_aE8697GMM _b05 _c20190515 _lUCH01 _h1556 |
||
| 650 | 1 | 4 |
_aGanado porcino _xCría de. _945350 |
| 650 | 1 | 4 |
_aGanado porcino _xReproducción. _945403 |
| 650 | 1 | 4 |
_aLechones _xAlimentación. _965444 |
| 650 | 1 | 4 |
_aLechones _xDestete. _965445 |
| 856 |
_aFinding aid _uhttp://10.13.5.2/tesis/sist115071.pdf _zTeclea aquí |
||
| 901 | _aBK | ||
| 942 | _cTESIS | ||
| 942 | _n0 | ||
| 999 |
_c111532 _d111532 |
||